| 000 | 00744nam a2200253Ia 4500 | ||
|---|---|---|---|
| 003 | OSt | ||
| 005 | 20220926022748.0 | ||
| 006 | a|||||r|||| 00| 0 | ||
| 007 | ta | ||
| 008 | 220923b |||||||| |||| 00| 0 eng d | ||
| 037 | _cGeneral Book | ||
| 040 |
_aRTL _cRTL _beng |
||
| 041 |
_2eng _aeng |
||
| 082 | _aU481:(G:55), M3 | ||
| 100 |
_aCowan Henry J _9328220 |
||
| 245 | 0 | _aEnvironmental systems | |
| 260 |
_aNew York _bVan Nostrand Reinhold Company U S A _c1983 |
||
| 300 |
_a240p. _ccm. |
||
| 500 | _aAppendix p. 227-30; Glossary p. 231-35 | ||
| 650 |
_aHuman Geography _91464 |
||
| 700 |
_a Smith Peter R _9328221 |
||
| 942 |
_hU481:(G:55), M3 _cGB _2CC |
||
| 999 |
_c640222 _d640222 |
||